<?xml version="1.0" encoding="UTF-8"?>
<collection xmlns:xsi="http://www.w3.org/2001/XMLSchema-instance" xsi:schemaLocation="http://www.loc.gov/MARC21/slim http://www.loc.gov/standards/marcxml/schema/MARC21slim.xsd" xmlns="http://www.loc.gov/MARC21/slim">
 <record>
  <leader>00000cam a22000003a 4500</leader>
  <controlfield tag="001">UP-99796217611646768</controlfield>
  <controlfield tag="003">Buklod</controlfield>
  <controlfield tag="005">20150625165638.0</controlfield>
  <controlfield tag="006">a     r    |||| u|</controlfield>
  <controlfield tag="007">ta</controlfield>
  <controlfield tag="008">150625s2014    xx     d     r    |||| u|</controlfield>
  <datafield tag="020" ind1=" " ind2=" ">
   <subfield code="a">9789715084741</subfield>
  </datafield>
  <datafield tag="035" ind1=" " ind2=" ">
   <subfield code="a">(iLib)UPD-00246507564</subfield>
  </datafield>
  <datafield tag="040" ind1=" " ind2=" ">
   <subfield code="a">DEDUC</subfield>
  </datafield>
  <datafield tag="041" ind1="0" ind2=" ">
   <subfield code="a">eng</subfield>
  </datafield>
  <datafield tag="090" ind1=" " ind2=" ">
   <subfield code="a">CB 1846</subfield>
  </datafield>
  <datafield tag="100" ind1="1" ind2=" ">
   <subfield code="a">Samar, Edgar Calabia</subfield>
   <subfield code="e">author.</subfield>
  </datafield>
  <datafield tag="245" ind1="1" ind2="0">
   <subfield code="a">Si Janus Silang at ang tiyanak ng Tabon</subfield>
   <subfield code="c">Edgar Calabia Samar.</subfield>
  </datafield>
  <datafield tag="264" ind1=" " ind2="1">
   <subfield code="a">Quezon City</subfield>
   <subfield code="b">Adarna House, Inc.</subfield>
   <subfield code="c">[2014]</subfield>
  </datafield>
  <datafield tag="300" ind1=" " ind2=" ">
   <subfield code="a">179 pages</subfield>
   <subfield code="c">20 cm</subfield>
  </datafield>
  <datafield tag="336" ind1=" " ind2=" ">
   <subfield code="a">text</subfield>
   <subfield code="2">rdacontent</subfield>
  </datafield>
  <datafield tag="337" ind1=" " ind2=" ">
   <subfield code="a">unmediated</subfield>
   <subfield code="2">rdamedia</subfield>
  </datafield>
  <datafield tag="338" ind1=" " ind2=" ">
   <subfield code="a">volume</subfield>
   <subfield code="2">rdacarrier</subfield>
  </datafield>
  <datafield tag="520" ind1=" " ind2=" ">
   <subfield code="a">&quot;Sa tournament ng tala online sa bayan ng Balanga, namatay ang lahat ng manlalaro maliban kay Janus. Sunod-sunod pa ang naging kaso ng pagkamatay ng mga kabataan sa computer shops sa iba't ibang panig ng bansa. Kinontak si Janus ng nagpakilalang Joey, isa rin umano sa mga nakaligtas sa paglalaro ng tala na gaya niya. Hindi inasahan ni Janus ang mga matutuklasan niya mula rito na mag-uugnay sa kaniya sa misteryo ng kinahuhumalingan niyang RPG--at sa alamat ng Tiyanak mula sa Tabon! &quot; Grabe isa siya sa mga pinakanakakatakot at pinakanakakakilabot na kuwentong nabasa ko. May mga sandalinng tumitingin ako sa likod ko habang nagbabasa, dahil seryosong tumataas 'yung balahibo ko. Ang saya nung sobrang hindi mo alam kung saan patutungo at kung anu 'yung mangyayari sa kuwento. Sunod-sunod ang mga pangyayaring pagpapawisan ka sa taranta at kaba pagdating sa dulo. Ang pagsisisi lang ay 'yung pagkatapos mo nang basahin, sobrang hirap nang matulog.&quot;</subfield>
  </datafield>
  <datafield tag="650" ind1=" " ind2="0">
   <subfield code="a">Computer games</subfield>
   <subfield code="v">Fiction.</subfield>
  </datafield>
  <datafield tag="905" ind1=" " ind2=" ">
   <subfield code="a">FI</subfield>
  </datafield>
  <datafield tag="852" ind1="0" ind2=" ">
   <subfield code="a">UPD</subfield>
   <subfield code="b">DEDUC</subfield>
   <subfield code="h">CB 1846</subfield>
  </datafield>
  <datafield tag="942" ind1=" " ind2=" ">
   <subfield code="a">Book</subfield>
  </datafield>
 </record>
</collection>
